| 000 | 01082nam a2200229Ia 4500 | ||
|---|---|---|---|
| 999 |
_c36375 _d36375 |
||
| 001 | 2287 | ||
| 003 | GE_BSU | ||
| 005 | 20190501115611.0 | ||
| 008 | 181216s2011||||ge |||||||||||||| ||geo|| | ||
| 020 | _a9789941174179 | ||
| 040 | _cGE_BSU | ||
| 041 | _ageo | ||
| 080 | _a005(075.8) შ–93 | ||
| 100 |
_aშუბლაძე, გიორგი _9572 |
||
| 245 |
_aმენეჯმენტის საფუძვლები : _bსახელმძღვ. უმაღლ. სასწ. სტუდ. / _cგიორგი შუბლაძე, ბაბულია მღებრიშვილი, ფიქრია წოწკოლაური ; [რედ. გ. შუბლაძე]. |
||
| 264 |
_aთბილისი : _bუნივერსალი, _c2011. |
||
| 300 |
_a291 გვ.; _b19 სმ. |
||
| 653 | _aმენეჯმენტი | ||
| 700 |
_aმღებრიშვილი, ბაბულია _eავტორი _9573 |
||
| 700 |
_aწოწკოლაური, ფიქრია _eავტორი _9574 |
||
| 942 |
_cBK _2udc |
||